LEADER 02607nam 2200673 a 450 001 9910462414203321 005 20200520144314.0 010 $a0-470-43144-X 010 $a1-118-07936-1 035 $a(CKB)2670000000238319 035 $a(EBL)706501 035 $a(OCoLC)811500096 035 $a(SSID)ssj0000704377 035 $a(PQKBManifestationID)12278791 035 $a(PQKBTitleCode)TC0000704377 035 $a(PQKBWorkID)10704957 035 $a(PQKB)11657032 035 $a(MiAaPQ)EBC706501 035 $a(Au-PeEL)EBL706501 035 $a(CaPaEBR)ebr10700372 035 $a(CaONFJC)MIL491889 035 $a(EXLCZ)992670000000238319 100 $a20071129d2008 ky 0 101 0 $aeng 135 $aur|n|---||||| 181 $ctxt 182 $cc 183 $acr 200 10$aAdobe Camera Raw for digital photographers only$b[electronic resource] /$fRob Sheppard 205 $a2nd ed. 210 $aIndianapolis, Ind. $cWiley$dc2008 215 $a1 online resource (685 p.) 225 1 $aFor Only ;$vv.2 300 $aGlossary: p. [335]-338. 300 $aIncludes index. 311 $a0-470-22457-6 327 $apt. I. Capture workflow -- pt. II. Camera raw workflow -- pt. III. Making camera raw work harder for you. 330 $aExpert photographer Rob Sheppard explains the details of Camera Raw, the steps for using it, the workflow process, and certain best practices that demonstrates how Camera Raw can empower the digital photographer. Encouraging you to use it as you see fit, he explores the enhancements in the newest generation and helps you deal with RAW's limitations, manage white balance and exposure, reduce noise (especially in night shots,) and learn to use camera settings that make the most of RAW capabilities. 410 0$aFor Only 606 $aRaw file formats (Digital photography) 606 $aPhotography$xDigital techniques 606 $aImage processing$xDigital techniques 606 $aFile conversion (Computer science) 606 $aPhotography, Artistic 608 $aElectronic books. 615 0$aRaw file formats (Digital photography) 615 0$aPhotography$xDigital techniques. 615 0$aImage processing$xDigital techniques. 615 0$aFile conversion (Computer science) 615 0$aPhotography, Artistic. 676 $a771/.44 700 $aSheppard$b Rob$0868979 801 0$bMiAaPQ 801 1$bMiAaPQ 801 2$bMiAaPQ 906 $aBOOK 912 $a9910462414203321 996 $aAdobe Camera Raw for digital photographers only$92287743 997 $aUNINA LEADER 03617nam 22008535 450 001 9910969372403321 005 20230810142603.0 010 $a9781137374257 010 $a113737425X 010 $a9781137374264 010 $a1137374268 024 7 $a10.1057/9781137374264 035 $a(CKB)2550000001179721 035 $a(EBL)1588866 035 $a(SSID)ssj0001172897 035 $a(PQKBManifestationID)12449681 035 $a(PQKBTitleCode)TC0001172897 035 $a(PQKBWorkID)11193386 035 $a(PQKB)10773720 035 $a(DE-He213)978-1-137-37426-4 035 $a(OCoLC)867636949 035 $a(MiAaPQ)EBC1588866 035 $a(PPN)185100473 035 $a(Perlego)3490063 035 $a(EXLCZ)992550000001179721 100 $a20151201d2013 u| 0 101 0 $aeng 135 $aur|n|---||||| 181 $ctxt 182 $cc 183 $acr 200 10$aAmerican Settler Colonialism $eA History /$fby W. Hixson 205 $a1st ed. 2013. 210 1$aNew York :$cPalgrave Macmillan US :$cImprint: Palgrave Macmillan,$d2013. 215 $a1 online resource (266 p.) 300 $aDescription based upon print version of record. 311 08$a9781137374240 311 08$a1137374241 311 08$a9781306286091 311 08$a1306286093 327 $aIntroduction : settler colonialism, history, and theory -- People from the unknown world : the colonial encounter and the acceleration of violence -- No savage shall inherit the land : settler colonialism through the American Revolution -- The common enemy of the country : settler colonialism to the Mississippi River -- Scenes of agony and blood : Manifest Destiny and the crisis of settler colonialism -- They promised to take our land and they took it : completing the continental settler colonial project -- Spaces of denial : American colonialism in Hawai'i and Alaska -- Things too scandalous to write : the Philippine intervention and the continuities of colonialism -- A very particular kind of inclusion : indigenous people in the postcolonial United States -- Conclusion : the boomerang of savagery. 330 $aOver the course of three centuries, American settlers helped to create the richest, most powerful nation in human history, even as they killed and displaced millions. This groundbreaking work shows that American history is defined by settler colonialism, providing a compelling framework through which to understand its rise to global dominance. 606 $aSocial history 606 $aAmerica$xHistory 606 $aUnited States$xHistory 606 $aHistory, Modern 606 $aImperialism 606 $aHistoriography 606 $aHistory$xMethodology 606 $aSocial History 606 $aHistory of the Americas 606 $aUS History 606 $aModern History 606 $aImperialism and Colonialism 606 $aHistoriography and Method 615 0$aSocial history. 615 0$aAmerica$xHistory. 615 0$aUnited States$xHistory. 615 0$aHistory, Modern. 615 0$aImperialism. 615 0$aHistoriography. 615 0$aHistory$xMethodology. 615 14$aSocial History. 615 24$aHistory of the Americas. 615 24$aUS History. 615 24$aModern History. 615 24$aImperialism and Colonialism. 615 24$aHistoriography and Method. 676 $a973.3 700 $aHixson$b W$4aut$4http://id.loc.gov/vocabulary/relators/aut$01790764 906 $aBOOK 912 $a9910969372403321 996 $aAmerican Settler Colonialism$94327498 997 $aUNINA